000 00625nam a2200229Ia 4500
005 20260429112221.0
008 260429s9999||||xx |||||||||||||| ||und||
020 _a9789391972233
041 _aEnglish
082 _a633.8809708
_bREE
100 _aReed, Oswald
245 0 _aHandbook of medicinal plants of north and south America /
_cOswald Reed
250 _a1st ed.
260 _aJaipur :
_bAgrotech Press,
_c2024.
300 _aviii, 280 p.; hb
650 _a Medicinal plants
650 _a North america
650 _a Plantation crops
650 _a South america
650 _aAgriculture
942 _cTB
999 _c52945
_d52945